| 000 | 00528nam a2200133Ia 4500 | ||
|---|---|---|---|
| 008 | 220620s9999||||xx |||||||||||||| ||und|| | ||
| 020 | _a9780260000000 | ||
| 245 | 0 |
_aArtificial Life IX _bProceedings of the Ninth International Conference on the Simulation and Synthesis of Living Systems |
|
| 546 | _aEnglish[eng] | ||
| 650 | _aArtificial intelligence||Robotics | ||
| 700 | _aPollack, Jordan||Bedau, Mark A.||Husbands, Phil||Watson, Richard A.||Ikegami, Takashi | ||
| 856 | _uhttp://mitpress.mit.edu/9780262661836 | ||
| 942 | _cEB | ||
| 999 |
_c27323 _d27323 |
||